Essentials of strategic management / (Record no. 7718)
[ view plain ]
| 000 -LEADER | |
|---|---|
| fixed length control field | 01392nac a22002531u 4500 |
| 010 ## - LIBRARY OF CONGRESS CONTROL NUMBER | |
| LC control number | 2006003852 |
| 082 00 - DEWEY DECIMAL CLASSIFICATION NUMBER | |
| Classification number | 658.4012 |
| Item number | HUN |
| 090 ## - LOCALLY ASSIGNED LC-TYPE CALL NUMBER (OCLC); LOCAL CALL NUMBER (OCLC) | |
| -- | 7718 |
| -- | 7718 |
| 100 ## - MAIN ENTRY--PERSONAL NAME | |
| Personal name | Hunger, J. David, |
| 245 10 - TITLE STATEMENT | |
| Title | Essentials of strategic management / |
| Statement of responsibility, etc | J. David Hunger, Thomas L. Wheelen. |
| 250 ## - EDITION STATEMENT | |
| Edition statement | 4th ed. |
| 260 ## - PUBLICATION, DISTRIBUTION, ETC. (IMPRINT) | |
| Place of publication, distribution, etc | Upper Saddle River, N.J. : |
| Name of publisher, distributor, etc | Pearson Education,c2007. |
| Date of publication, distribution, etc | c2007. |
| 300 ## - PHYSICAL DESCRIPTION | |
| Extent | p. cm. |
| 500 ## - GENERAL NOTE | |
| General note | Includes index. |
| 500 ## - GENERAL NOTE | |
| General note | Distributer: Baccah. |
| 505 0# - FORMATTED CONTENTS NOTE | |
| Formatted contents note | Basic concepts of strategic management -- Corporate governance and social responsibility -- Environmental scanning and industry analysis -- Internal scanning : organizational analysis -- Strategy formulation : situation analysis and business strategy -- Formulation : corporate strategy -- Strategy formulation : functional strategy and strategic choice -- Strategy implemenation: organizing for action -- Strategy implemenation : staffing and leading -- Evaluation and control -- Suggestions for case analysis. |
| 511 ## - PARTICIPANT OR PERFORMER NOTE | |
| Participant or performer note | Catalogued By: Mahitab. |
| 650 #0 - SUBJECT ADDED ENTRY--TOPICAL TERM | |
| Topical term or geographic name as entry element | Strategic planning. |
| 650 #0 - SUBJECT ADDED ENTRY--TOPICAL TERM | |
| Topical term or geographic name as entry element | Case method. |
| 700 1# - ADDED ENTRY--PERSONAL NAME | |
| Personal name | Wheelen, Thomas L. |
| 856 41 - ELECTRONIC LOCATION AND ACCESS | |
| Materials specified | Table of contents only |
| Uniform Resource Identifier | <a href="http://www.loc.gov/catdir/toc/ecip067/2006003852.html">http://www.loc.gov/catdir/toc/ecip067/2006003852.html</a> |
| 942 ## - ADDED ENTRY ELEMENTS (KOHA) | |
| Item type | NB - Book (Non borrowing) |
| Call number prefix | 658.4012HUN |
| Withdrawn status | Item status | Damaged status | Not for loan | Home library | Current library | Shelving location | Date acquired | Source of acquisition | Total Checkouts | Full call number | Barcode | Date last seen | Date last borrowed | Koha item type |
|---|---|---|---|---|---|---|---|---|---|---|---|---|---|---|
| Central Library | Central Library | First floor | 04/02/2008 | Purchase | 1 | 658.4012HUN | 000009431 | 15/07/2025 | 24/01/2010 | NB - Book (Non borrowing) |